[Event "MTO"]
[Site "Biel SUI"]
[Date "2010.07.27"]
[Round "8"]
[White "Bauer,Ch"]
[Black "Feller,S"]
[Result "1/2-1/2"]
[WhiteElo "2612"]
[BlackElo "2611"]
[EventDate "2010.07.19"]

1. e4 c5 2. Nf3 d6 3. d4 Nf6 4. Nc3 cxd4 5. Nxd4 a6 6. Qf3 g6 7. h3 Bg7 8.
Be3 Nc6 9. O-O-O Bd7 10. Nxc6 Bxc6 11. Bd4 Qa5 12. Qe3 Qh5 13. g4 Qh4 14.
Rg1 h6 15. f4 O-O 16. e5 dxe5 17. Bxe5 Rad8 18. Bc4 e6 19. Bb3 Rfe8 20.
Rxd8 Rxd8 21. a4 Nd7 22. Bxg7 Kxg7 23. f5 Qg5 24. Qxg5 hxg5 25. fxe6 fxe6
26. Bxe6 Nc5 27. Bc4 Nxa4 1/2-1/2

[Event "MTO"]
[Site "Biel SUI"]
[Date "2010.07.27"]
[Round "8"]
[White "Kosintseva,N"]
[Black "Mikhalevski,V"]
[Result "1-0"]
[WhiteElo "2551"]
[BlackElo "2610"]
[EventDate "2010.07.19"]

1. e4 e5 2. Nf3 Nc6 3. Bb5 a6 4. Ba4 Nf6 5. O-O Nxe4 6. d4 b5 7. Bb3 d5 8.
dxe5 Be6 9. Nbd2 Nc5 10. c3 d4 11. Bxe6 Nxe6 12. cxd4 Ncxd4 13. a4 Bb4 14.
axb5 Nxb5 15. Qa4 Bxd2 16. Bxd2 O-O 17. Rfd1 c5 18. Be3 Qb6 19. h3 Nbc7 20.
Rd2 Rad8 21. Rad1 Rxd2 22. Rxd2 Qb5 23. Qc2 h6 24. Nh4 Qb4 25. Nf5 a5 26.
Rd7 Qb5 27. Qd2 c4 28. Nxg7 Kxg7 29. Bxh6+ Kg8 30. Rxc7 Qxe5 31. Rxc4 Rd8
32. Qc1 Qe2 33. Rc8 Rxc8 34. Qxc8+ Kh7 35. Qc1 Qd3 36. Be3 a4 37. Kh2 Qd6+
38. Kg1 Qd3 39. Kh2 Qd6+ 40. g3 Qd3 41. Qc6 Qb3 42. Qe4+ Kg8 43. Qe5 Qd1
44. h4 Qg4 45. Qb5 Kh7 46. Qd5 Kg8 47. h5 Qb4 48. Qa8+ Kh7 49. Qe8 Qb7 50.
h6 Qf3 51. Qxa4 Ng5 52. Qf4 Qh5+ 53. Kg2 1-0

[Event "MTO"]
[Site "Biel SUI"]
[Date "2010.07.27"]
[Round "8"]
[White "Kritz,L"]
[Black "Ulibin,M"]
[Result "1-0"]
[WhiteElo "2618"]
[BlackElo "2540"]
[EventDate "2010.07.19"]

1. e4 e6 2. Nc3 d5 3. d4 Nf6 4. e5 Nfd7 5. f4 c5 6. Nf3 Qb6 7. Be3 a6 8. a3
Qa7 9. Ne2 Nc6 10. c3 c4 11. g4 h5 12. gxh5 Rxh5 13. Ng3 Rh8 14. Qe2 Ne7
15. Ng5 Nb6 16. h4 Bd7 17. Bh3 Na4 18. Bg4 Qb6 19. Rh2 g6 20. Rd1 Bh6 21.
Rd2 Bxg5 22. fxg5 O-O-O 23. h5 Rh7 24. Qg2 Rdh8 25. Bd1 Qa5 26. Rc2 gxh5
27. Rxh5 Rxh5 28. Bxh5 Rh7 29. Bc1 Qd8 30. Qf3 Qg8 31. Rf2 Ng6 32. Bg4 Kc7
33. Nh5 Qh8 34. Nf6 Rh1+ 35. Kd2 Bc6 36. Nh5 Rg1 37. Qxf7+ Kb6 38. Qxg6
Rxg4 39. Nf6 Rg1 40. Qh6 Qd8 41. g6 Ka7 42. g7 Qb6 43. g8=Q Rxg8 44. Nxg8
Nxb2 45. Ke2 Nd3 46. Rf1 Qb1 47. Nf6 Kb6 48. Qd2 Ka5 49. Nh5 Nxc1+ 50. Qxc1
Qe4+ 51. Qe3 1-0

[Event "MTO"]
[Site "Biel SUI"]
[Date "2010.07.27"]
[Round "8"]
[White "Gleizerov,E"]
[Black "Al Sayed,Mohammed"]
[Result "1/2-1/2"]
[WhiteElo "2573"]
[BlackElo "2498"]
[EventDate "2010.07.19"]

1. f4 d5 2. Nf3 c5 3. e3 Nf6 4. Be2 Nc6 5. O-O g6 6. d4 Bg7 7. c3 O-O 8.
Ne5 Ne4 9. Nd2 Nxe5 10. Nxe4 cxd4 11. exd4 Nc4 12. Nc5 b6 13. Nd3 Bf5 14.
Ne5 Nd6 15. Be3 Be4 16. Nf3 Qc7 17. Ng5 e6 18. g4 Qe7 19. Nxe4 1/2-1/2

[Event "MTO"]
[Site "Biel SUI"]
[Date "2010.07.27"]
[Round "8"]
[White "Kaplan,S"]
[Black "Maze,S"]
[Result "1-0"]
[WhiteElo "2422"]
[BlackElo "2573"]
[EventDate "2010.07.19"]

1. e4 e5 2. Nf3 Nc6 3. Bb5 f5 4. Bxc6 bxc6 5. Nxe5 Qf6 6. d4 fxe4 7. Qh5+
g6 8. Qe2 Qe6 9. Nc3 d6 10. Nxc6 d5 11. Ne5 Ba6 12. Nxd5 O-O-O 13. Nf4 Qb6
14. Qg4+ Kb7 15. c3 Rxd4 16. Be3 Qxb2 17. Bxd4 Qxa1+ 18. Qd1 Qxd1+ 19. Kxd1
c5 20. Be3 Nh6 21. Ne6 Bd6 22. Nxc5+ Bxc5 23. Bxc5 Rd8+ 24. Kc2 Rd5 25. Bd4
Nf5 26. Rb1+ Kc8 27. Rb4 Bf1 28. g4 a5 29. gxf5 axb4 30. f6 Kd8 31. cxb4
1-0

[Event "MTO"]
[Site "Biel SUI"]
[Date "2010.07.27"]
[Round "8"]
[White "Bok,B"]
[Black "Grandadam,N"]
[Result "1-0"]
[WhiteElo "2449"]
[BlackElo "2249"]
[EventDate "2010.07.19"]

1. e4 c5 2. Nf3 d6 3. d4 cxd4 4. Nxd4 Nf6 5. Nc3 a6 6. a4 e5 7. Nf3 Be7 8.
Bc4 O-O 9. O-O b6 10. Bg5 Nbd7 11. Qe2 Bb7 12. Bxf6 Nxf6 13. Rfd1 Qc7 14.
Nd5 Nxd5 15. Bxd5 Bxd5 16. Rxd5 Rfc8 17. c3 Qc4 18. Qxc4 Rxc4 19. Nd2 Rc6
20. Kf1 f6 21. Ke2 Kf7 22. Nf1 Ke6 23. Rd3 g6 24. Rh3 h5 25. Ne3 Rb8 26.
Rg3 g5 27. Nd5 a5 28. Rh3 h4 29. Rd3 Bf8 30. Ne3 b5 31. axb5 Rxb5 32. Ra2
Be7 33. Rd5 Rcc5 34. Rxc5 Rxc5 35. Kd3 Bd8 36. f3 Rb5 37. Nd5 f5 38. b4
fxe4+ 39. fxe4 axb4 40. cxb4 Rb7 41. Ra8 Kd7 42. Kc4 g4 43. b5 g3 44. h3
Bc7 45. Rh8 Bd8 46. Rh7+ Kc8 47. Rxb7 Kxb7 48. Ne3 Kb6 49. Nf5 d5+ 50. Kxd5
Kxb5 51. Kxe5 Kc4 52. Kf4 Kd3 53. Kf3 Bf6 54. e5 Bxe5 55. Nxh4 Kd4 56. Nf5+
Kd5 57. Nxg3 Ke6 58. Kg4 Kf6 59. Nh5+ Kg6 60. Nf4+ Kh6 61. Kf5 Bb2 62. g4
Kg7 63. h4 Ba3 64. g5 Kh7 65. Nd5 Bb2 66. h5 Bg7 67. Nf6+ Kh8 68. Ng4 Kh7
69. h6 Bf8 70. g6+ Kh8 71. Ne5 Bxh6 72. Nf7+ Kg7 73. Nxh6 Kh8 74. Kg5 Kg7
75. Nf5+ 1-0

[Event "MTO"]
[Site "Biel SUI"]
[Date "2010.07.27"]
[Round "8"]
[White "Nezad,H"]
[Black "Eichhorn,An"]
[Result "1/2-1/2"]
[WhiteElo "2398"]
[BlackElo "2294"]
[EventDate "2010.07.19"]

1. e4 c6 2. d3 d5 3. Nd2 e5 4. Ngf3 Bd6 5. g3 Nf6 6. Bg2 O-O 7. O-O Bc7 8.
c3 Nbd7 9. Qc2 Nc5 10. exd5 Bf5 11. Ne1 cxd5 12. b4 Ne6 13. Bb2 Rc8 14.
Nef3 h6 15. Rfe1 e4 16. dxe4 Bh7 17. Rad1 dxe4 18. Nxe4 Bxe4 19. Rxe4 Qxd1+
20. Qxd1 Nxe4 21. Qd5 Nf6 22. Qxb7 Rfd8 23. Bh3 Rb8 24. Qc6 Rd6 25. Qc4 Bb6
26. Bxe6 Rxe6 27. a4 Re4 28. Qd3 Rd8 29. Nd4 Rde8 30. a5 Bxd4 31. cxd4 Re2
32. Bc3 Ng4 33. d5 Nxf2 34. Qd4 Nh3+ 35. Kh1 Nf2+ 36. Kg1 Nh3+ 37. Kh1 Nf2+
1/2-1/2

[Event "MTO"]
[Site "Biel SUI"]
[Date "2010.07.27"]
[Round "8"]
[White "Ootes,La"]
[Black "Donchenko,An"]
[Result "1-0"]
[WhiteElo "2315"]
[BlackElo "2378"]
[EventDate "2010.07.19"]

1. e4 e5 2. Nf3 Nf6 3. Nxe5 d6 4. Nf3 Nxe4 5. d4 d5 6. Bd3 Bd6 7. O-O O-O
8. c4 c6 9. cxd5 cxd5 10. Nc3 Nxc3 11. bxc3 Bg4 12. Rb1 Nd7 13. h3 Bh5 14.
Rb5 Nb6 15. c4 Bxf3 16. Qxf3 dxc4 17. Be4 Rc8 18. Ra5 g6 19. Rxa7 Rc7 20.
Rxb7 Rxb7 21. Bxb7 Qd7 22. g3 c3 23. Bh6 Rb8 24. Qf6 Bf8 25. Bf4 Qd8 26.
Qc6 Rxb7 27. Qxb7 Nc4 28. Qb8 Qxb8 29. Bxb8 Ba3 30. Bf4 f6 31. Bc1 Bb2 32.
Bxb2 cxb2 33. Rb1 Kf7 34. a4 Ke6 35. a5 Nxa5 36. Rxb2 Nc6 37. Rb7 h5 38.
Rg7 Nxd4 39. Rxg6 h4 40. Rg4 Ke5 41. gxh4 f5 42. Rxd4 1-0

[Event "MTO"]
[Site "Biel SUI"]
[Date "2010.07.27"]
[Round "8"]
[White "Kamber,B"]
[Black "Misiano,F"]
[Result "0-1"]
[WhiteElo "2302"]
[BlackElo "2316"]
[EventDate "2010.07.19"]

1. e4 e6 2. d4 d5 3. e5 c5 4. c3 Nc6 5. Nf3 Qb6 6. a3 c4 7. Nbd2 Na5 8. h4
Bd7 9. h5 h6 10. g3 O-O-O 11. Rb1 Ne7 12. Nh4 g5 13. Ng2 Bg7 14. Be2 f6 15.
exf6 Bxf6 16. Ne3 e5 17. dxe5 Bxe5 18. Ng4 Rdf8 19. Bf3 Bd6 20. Nf1 d4 21.
b4 Nb3 22. Rxb3 cxb3 23. cxd4 Nf5 24. Bb2 Re8+ 25. Nfe3 Nxe3 26. Nxe3 Bb5
27. Qxb3 Rhf8 28. Be2 Bxe2 29. Qc2+ Kd8 30. Qxe2 Bxg3 31. O-O Qe6 32. d5
Qh3 33. fxg3 Qxg3+ 34. Kh1 Qh3+ 35. Kg1 Rxf1+ 36. Qxf1 Qxe3+ 37. Qf2 Qe1+
38. Qxe1 Rxe1+ 39. Kf2 Rh1 40. Kf3 Rxh5 41. Ke4 Kd7 42. Kf5 Kd6 43. Bd4 a6
44. Bg7 Kxd5 45. a4 Rh4 46. a5 Kc4 47. Be5 Kxb4 48. Bc7 Rc4 0-1

[Event "MTO"]
[Site "Biel SUI"]
[Date "2010.07.27"]
[Round "8"]
[White "Lampert,J"]
[Black "Nedilko,V"]
[Result "1/2-1/2"]
[WhiteElo "2106"]
[BlackElo "2408"]
[EventDate "2010.07.19"]

1. e4 c5 2. Nf3 d6 3. d4 cxd4 4. Nxd4 Nf6 5. Nc3 a6 6. Bg5 e6 7. f4 Be7 8.
Qf3 h6 9. Bh4 Qc7 10. O-O-O Nbd7 11. Be2 b5 12. a3 Bb7 13. Qe3 Qc5 14. Bf3
Rb8 15. Rhe1 O-O 16. Bf2 b4 17. axb4 Qxb4 18. Na2 Qa5 19. Kb1 Rfc8 20. Nb3
Qc7 21. Nc3 e5 22. f5 a5 23. Rd2 Bc6 24. Qa7 Bd8 25. Qxc7 Bxc7 26. Ka1 a4
27. Nc1 Rb7 28. Nb1 Kf8 29. Na3 Ke7 30. c3 Bb6 31. Bxb6 Nxb6 32. Nd3 Rd7
33. Nb4 Bb7 34. Ka2 Rdd8 35. g3 g5 36. h3 h5 37. Bh1 Rc5 38. Nd3 Rcc8 39.
Nb4 Rc7 40. Bg2 Rcc8 1/2-1/2

[Event "MTO"]
[Site "Biel SUI"]
[Date "2010.07.27"]
[Round "8"]
[White "Mensch,E"]
[Black "Rasch,H"]
[Result "1/2-1/2"]
[WhiteElo "2366"]
[BlackElo "2264"]
[EventDate "2010.07.19"]

1. d4 Nf6 2. Nf3 c5 3. d5 e6 4. Nc3 d6 5. e4 exd5 6. exd5 Be7 7. h3 Na6 8.
Be2 Nc7 9. a4 Rb8 10. O-O O-O 11. Re1 b6 12. Nb5 a6 13. Nxc7 Qxc7 14. c4
Bd7 15. Bd3 Rfe8 16. Bg5 Qd8 17. Qc2 h6 18. Bd2 b5 19. axb5 axb5 20. b3 Ra8
21. Bc3 Rxa1 22. Rxa1 b4 23. Bd2 Qc8 24. Nh2 Bf8 25. Nf1 Re7 26. Ng3 Ne8
27. Ra7 Qb8 28. Qa2 Bc8 29. Ra8 Qc7 30. Qb1 Bb7 31. Ra7 Qb8 32. Ra2 Bc8 33.
Nf5 Ra7 34. Bf4 Rxa2 35. Qxa2 Qc7 36. Qa8 Qb7 37. Qa1 Qe7 38. Ng3 Qf6 39.
Qc1 Bd7 40. Ne4 Qe7 41. Qd2 f5 42. Ng3 g5 43. Nxf5 Bxf5 44. Bxf5 gxf4 45.
Be6+ Kg7 46. Qxf4 Qf6 47. Qc1 Qd4 48. Qb1 Nc7 49. Bd7 Be7 50. g3 Bf6 51.
Kg2 Qe5 52. Qd1 Qe4+ 53. Kh2 Bd4 54. f4 Kf8 55. h4 Ke7 56. Ba4 Qe3 57. Qb1
Bg7 1/2-1/2

[Event "MTO"]
[Site "Biel SUI"]
[Date "2010.07.27"]
[Round "8"]
[White "Wyss,J"]
[Black "Klauser,M"]
[Result "1-0"]
[WhiteElo "2258"]
[BlackElo "2362"]
[EventDate "2010.07.19"]

1. c4 e5 2. g3 Nf6 3. Bg2 Nc6 4. Nf3 Bc5 5. Nc3 d6 6. O-O a6 7. d3 h6 8. a3
O-O 9. b4 Ba7 10. Bb2 Re8 11. Qc2 Bg4 12. Nd5 Nxd5 13. cxd5 Ne7 14. h3 Bd7
15. e4 c6 16. dxc6 Nxc6 17. Qd2 Qf6 18. Kh2 Rac8 19. Rad1 Nd4 20. Nxd4 Bxd4
21. Bxd4 exd4 22. Rc1 Rc3 23. e5 Qxe5 24. Bxb7 Qb5 25. Bg2 Rec8 26. Rfd1
Be6 27. Bf1 Bd5 28. Qf4 Qc6 29. Ra1 Qb6 30. Re1 Be6 31. Re4 d5 32. Rxd4 Rc2
33. Qe3 g5 34. Kg1 Qd8 35. h4 Qf6 36. hxg5 hxg5 37. Re1 Kg7 38. f4 g4 39.
Qe5 Qxe5 40. fxe5 Ra2 41. Re2 Rxa3 42. Rb2 Ra4 43. Be2 a5 44. Bxg4 Ra1+ 45.
Kg2 a4 46. Bxe6 fxe6 47. Rg4+ Kh6 48. Kf3 Rf8+ 49. Ke3 Rf5 50. Kd4 Rg5 51.
Rh2+ Kg6 52. Rxg5+ Kxg5 53. Kc5 a3 54. Kd6 Rb1 55. Ra2 Rxb4 56. Kxe6 Rb3
57. d4 Rxg3 58. Kxd5 Rd3 59. e6 Kf6 60. Rf2+ Ke7 61. Rf7+ Ke8 62. Ra7 Rb3
63. Ke5 Re3+ 64. Kd6 Kf8 65. d5 Rd3 66. Ra8+ Kg7 67. e7 1-0

[Event "MTO"]
[Site "Biel SUI"]
[Date "2010.07.27"]
[Round "8"]
[White "Kuhn,T"]
[Black "Kolbus,D"]
[Result "1-0"]
[WhiteElo "2218"]
[BlackElo "2343"]
[EventDate "2010.07.19"]

1. d4 Nf6 2. Nf3 g6 3. Bg5 Bg7 4. Nbd2 d6 5. e4 h6 6. Bh4 g5 7. Bg3 Nh5 8.
c3 e6 9. Be2 Qe7 10. Qc2 Nd7 11. Nc4 b6 12. a4 a6 13. O-O Bb7 14. Nfd2 Nxg3
15. fxg3 d5 16. exd5 Bxd5 17. Rae1 O-O-O 18. Ne5 Bxe5 19. Bxa6+ Kb8 20.
dxe5 f5 21. exf6 Nxf6 22. Nf3 Nd7 23. b4 e5 24. Bb5 c6 25. Bd3 Rhf8 26. Bf5
Bxf3 27. gxf3 Nf6 28. Qf2 Kc7 29. a5 Rb8 30. axb6+ Rxb6 31. Be4 Ra8 32. Ra1
Rba6 33. Rxa6 Rxa6 34. Qe2 Ra3 35. Qc4 Qd6 36. b5 Nd7 37. Bxc6 Qc5+ 38.
Qxc5 Nxc5 39. c4 Rc3 40. Bd5 Na4 41. Re1 Kd6 42. f4 gxf4 43. gxf4 exf4 44.
Re6+ Kc5 45. b6 Rb3 46. b7 Nc3 47. Bf3 Kxc4 48. Re8 1-0

[Event "MTO"]
[Site "Biel SUI"]
[Date "2010.07.27"]
[Round "8"]
[White "De Groote,E"]
[Black "Onoprienko,V"]
[Result "0-1"]
[WhiteElo "2251"]
[BlackElo "2343"]
[EventDate "2010.07.19"]

1. e4 Nc6 2. Nf3 e5 3. Bb5 f5 4. d3 fxe4 5. dxe4 Nf6 6. O-O Bc5 7. Qd3 d6
8. Nc3 O-O 9. Bxc6 bxc6 10. Qc4+ Kh8 11. Nxe5 Qe8 12. Nd3 Bb6 13. Be3 Be6
14. Qa4 Ng4 15. Bxb6 axb6 16. Qb4 c5 17. Qb5 Bd7 18. Qc4 b5 19. Qd5 b4 20.
Nd1 Bc6 21. Qg5 Qxe4 22. f3 Qd4+ 23. N1f2 Nxf2 24. Nxf2 Qxb2 25. Rfe1 Rae8
26. h4 Re5 27. Qg3 Rfe8 28. Nd3 Rxe1+ 29. Rxe1 Rxe1+ 30. Qxe1 Qf6 31. Kh2
h6 32. Qg3 Bd5 33. Nf4 Bf7 34. Qg4 Kh7 35. Kg3 g5 36. Nh3 gxh4+ 37. Kh2 Be6
38. Qe4+ Bf5 39. Qb7 Qg7 0-1

[Event "MTO"]
[Site "Biel SUI"]
[Date "2010.07.27"]
[Round "8"]
[White "Domont,A"]
[Black "Gaehwiler,G"]
[Result "1-0"]
[WhiteElo "2328"]
[BlackElo "2250"]
[EventDate "2010.07.19"]

1. Nc3 c5 2. e4 d6 3. f4 g6 4. d4 cxd4 5. Qxd4 Nf6 6. e5 Nc6 7. Bb5 Nd7 8.
Qe4 Nc5 9. Bxc6+ bxc6 10. Qxc6+ Bd7 11. Qd5 Be6 12. Qd4 Bg7 13. Nf3 O-O 14.
O-O Nd7 15. Be3 Qb8 16. Nd5 Re8 17. Rad1 dxe5 18. Qe4 Bf5 19. Qa4 exf4 20.
Bxf4 e5 21. Bg5 Nb6 22. Qxe8+ Qxe8 23. Nc7 Qc8 24. Nxa8 f6 25. Nxb6 Qc5+
26. Kh1 Qxb6 27. Bh4 Bf8 28. c3 a5 29. Nd2 Qxb2 30. Bxf6 Bg7 31. Bg5 h6 32.
Bd8 e4 33. Nc4 Qxc3 34. Rc1 Qd4 35. Bxa5 e3 36. Bb6 Qd3 37. Bxe3 Be4 38. a4
h5 39. a5 Bd4 40. Rcd1 Qxe3 1-0

[Event "MTO"]
[Site "Biel SUI"]
[Date "2010.07.28"]
[Round "9"]
[White "Feller,S"]
[Black "Kosintseva,N"]
[Result "1/2-1/2"]
[WhiteElo "2611"]
[BlackElo "2551"]
[EventDate "2010.07.19"]

1. c4 e5 2. Nc3 Nf6 3. Nf3 Nc6 4. e4 Bb4 5. d3 d6 6. g3 Bg4 7. h3 Bxf3 8.
Qxf3 Nd4 9. Qd1 O-O 10. Bg2 a6 11. O-O b5 12. Bg5 Bxc3 13. bxc3 Ne6 14. Be3
bxc4 15. d4 exd4 16. cxd4 d5 17. exd5 Nxd5 18. Rc1 c3 19. Qb3 c6 20. Qa4
Qc7 21. Bxd5 cxd5 22. Bd2 Qb6 23. Rxc3 Qb5 24. Ra3 Rfc8 25. Be3 h6 26. Qb3
Rab8 27. Qxb5 axb5 28. Rb1 Rc4 29. Rd3 f5 30. Rdb3 Nxd4 31. Bxd4 Rxd4 32.
Rxb5 Rxb5 33. Rxb5 Kf7 34. a4 Rxa4 35. Rxd5 1/2-1/2

[Event "MTO"]
[Site "Biel SUI"]
[Date "2010.07.28"]
[Round "9"]
[White "Riazantsev,A"]
[Black "Bauer,Ch"]
[Result "1/2-1/2"]
[WhiteElo "2682"]
[BlackElo "2612"]
[EventDate "2010.07.19"]

1. d4 Nf6 2. c4 e6 3. Nf3 d5 4. Nc3 dxc4 5. e4 Bb4 6. Bxc4 Nxe4 7. O-O Nxc3
8. bxc3 Be7 9. Ne5 O-O 10. Qg4 Nc6 11. Re1 f5 12. Qf3 Nxe5 13. Rxe5 Kh8 14.
Bf4 g5 15. Bd2 Bd6 16. Re2 Qf6 17. Rae1 g4 18. Qd3 f4 19. f3 Qf5 20. Qxf5
exf5 21. Bd3 Kg8 22. c4 c5 23. Bc3 Bd7 1/2-1/2

[Event "MTO"]
[Site "Biel SUI"]
[Date "2010.07.28"]
[Round "9"]
[White "Hauchard,A"]
[Black "Lysyj,I"]
[Result "1/2-1/2"]
[WhiteElo "2526"]
[BlackElo "2631"]
[EventDate "2010.07.19"]

1. Nf3 Nf6 2. c4 e6 3. g3 b6 4. Bg2 Bb7 5. O-O c5 6. Nc3 Be7 7. d4 cxd4 8.
Qxd4 Nc6 9. Qf4 O-O 10. Rd1 Qb8 11. b3 Bb4 12. Bb2 Qxf4 13. gxf4 Rfd8 14.
Ne5 Na5 15. Nb5 Bxg2 16. Kxg2 Nb7 17. Kf3 Be7 18. Rd2 a6 19. Nc3 Rac8 20.
Rad1 d6 21. Ng4 Nxg4 22. Kxg4 Bf6 23. Nb1 Bxb2 24. Rxb2 g6 25. Kf3 Kf8 26.
e3 Ke7 27. Rbd2 b5 28. cxb5 axb5 29. Na3 Rc5 1/2-1/2

[Event "MTO"]
[Site "Biel SUI"]
[Date "2010.07.28"]
[Round "9"]
[White "Kritz,L"]
[Black "Kaplan,S"]
[Result "1-0"]
[WhiteElo "2618"]
[BlackElo "2422"]
[EventDate "2010.07.19"]

1. e4 e5 2. Nf3 Nc6 3. Bb5 a6 4. Ba4 Nf6 5. O-O Be7 6. Re1 b5 7. Bb3 O-O 8.
a4 b4 9. d4 d6 10. dxe5 dxe5 11. Qxd8 Rxd8 12. Nbd2 h6 13. Bc4 Bd6 14. a5
Bb7 15. b3 Bc5 16. Bb2 Rd7 17. h3 Re8 18. Ra4 Kf8 19. Bd3 Nh5 20. Nc4 f6
21. Raa1 Nf4 22. Bf1 Nd4 23. Nxd4 Bxd4 24. Bxd4 Rxd4 25. f3 g5 26. c3 bxc3
27. Rec1 h5 28. Ne3 h4 29. Rxc3 Ne6 30. Nd5 Bxd5 31. exd5 Rxd5 32. Bxa6 Nd4
33. Bf1 Ra8 34. a6 c6 35. Ra4 Ke7 36. Rb4 Kd6 37. Rb6 Rc5 38. Rxc5 Kxc5 39.
Rb7 Kd6 40. Rf7 Ke6 41. Bc4+ Kf5 42. Rc7 Kf4 43. Kf2 f5 44. Bd3 Rb8 45. a7
Ra8 46. Rf7 Rd8 47. Be4 Ra8 48. b4 Rxa7 49. Rxa7 fxe4 50. Rf7+ Nf5 51. Rf6
e3+ 52. Ke1 e4 53. fxe4 Kxe4 54. Rxc6 1-0

[Event "MTO"]
[Site "Biel SUI"]
[Date "2010.07.28"]
[Round "9"]
[White "Al Sayed,Mohammed"]
[Black "Roiz,M"]
[Result "1-0"]
[WhiteElo "2498"]
[BlackElo "2645"]
[EventDate "2010.07.19"]

1. d4 e6 2. c4 Bb4+ 3. Nc3 c5 4. e3 Nf6 5. Nf3 O-O 6. Bd3 b6 7. d5 exd5 8.
cxd5 d6 9. O-O a6 10. Ne4 Nxe4 11. Bxe4 b5 12. a3 Ba5 13. b4 Bb6 14. bxc5
Bxc5 15. Bb2 Bg4 16. Qc2 f5 17. Bd3 Bxf3 18. gxf3 Qh4 19. Bxf5 Qg5+ 20. Bg4
Qxd5 21. Rad1 Qf7 22. Qe4 1-0

[Event "MTO"]
[Site "Biel SUI"]
[Date "2010.07.28"]
[Round "9"]
[White "Golod,V"]
[Black "Bok,B"]
[Result "1-0"]
[WhiteElo "2585"]
[BlackElo "2449"]
[EventDate "2010.07.19"]

1. Nf3 Nf6 2. c4 g6 3. Nc3 d5 4. cxd5 Nxd5 5. Qa4+ Bd7 6. Qc2 Nb6 7. d4 Bg7
8. e4 O-O 9. Be3 Nc6 10. d5 Ne5 11. Nxe5 Bxe5 12. Rd1 c6 13. dxc6 bxc6 14.
Ba6 Qc7 15. h3 Be6 16. O-O Nc4 17. Bxc4 Bxc4 18. Rfe1 Be6 19. Na4 Rad8 20.
b3 Rxd1 21. Rxd1 Rd8 22. Rc1 Bh2+ 23. Kh1 Bf4 24. Qe2 Qd6 25. Bxf4 Qxf4 26.
Rc2 Qe5 27. Qe1 Rd4 28. Nc5 Bc8 29. Rc1 Qf4 30. Kg1 Qg5 31. Kf1 Rd2 32. a4
Ra2 33. Qe3 Qxe3 34. fxe3 Kg7 35. e5 Rb2 36. Rc3 g5 37. e4 Kg6 38. Nd3 Rb1+
39. Kf2 Be6 40. b4 Bd7 41. e6 Bxe6 42. Rxc6 Rb3 43. Ke3 Kh5 44. Kd4 Kh4 45.
b5 Kg3 46. Nc5 Rb1 47. Nxe6 fxe6 48. Rxe6 Rb4+ 49. Kd5 Rxa4 50. Rxe7 Kxg2
51. Rxh7 Rb4 52. Rb7 Kxh3 53. e5 Rb1 54. e6 g4 55. e7 Re1 56. Kd6 g3 57.
Rb8 g2 58. e8=Q Rxe8 59. Rxe8 g1=Q 60. Rh8+ Kg3 61. Rg8+ Kf2 62. Rxg1 Kxg1
63. Kc7 1-0

[Event "MTO"]
[Site "Biel SUI"]
[Date "2010.07.28"]
[Round "9"]
[White "Misiano,F"]
[Black "Gleizerov,E"]
[Result "1/2-1/2"]
[WhiteElo "2316"]
[BlackElo "2573"]
[EventDate "2010.07.19"]

1. e4 e6 2. d4 d5 3. Nd2 Nf6 4. e5 Nfd7 5. Bd3 c5 6. c3 Nc6 7. Ne2 cxd4 8.
cxd4 f6 9. exf6 Qxf6 10. Nf3 h6 11. O-O Bd6 12. Bc2 O-O 13. Qd3 Nb4 14.
Qh7+ Kf7 15. Bb1 Rg8 16. Ne5+ Nxe5 17. dxe5 Bxe5 18. f4 Bd4+ 19. Kh1 Bd7
1/2-1/2

[Event "MTO"]
[Site "Biel SUI"]
[Date "2010.07.28"]
[Round "9"]
[White "Ootes,La"]
[Black "Cebalo,M"]
[Result "1/2-1/2"]
[WhiteElo "2315"]
[BlackElo "2500"]
[EventDate "2010.07.19"]

1. e4 c5 2. Nf3 d6 3. d4 cxd4 4. Nxd4 Nf6 5. Nc3 e6 6. g4 h6 7. h4 Nc6 8.
Rg1 d5 9. Bb5 Bd7 10. exd5 Nxd4 11. Bxd7+ Qxd7 12. Qxd4 Rc8 13. Bf4 Bc5 14.
Qe5 O-O 15. O-O-O exd5 16. Nxd5 Nxd5 17. Rxd5 Qa4 18. Rxc5 Rxc5 19. Qxc5
Qxf4+ 20. Qe3 Qa4 21. Kb1 Re8 22. Qf3 b6 23. b3 Qe4 24. Qxe4 Rxe4 25. f3
Rf4 26. Rg3 f5 27. Kc1 Kf7 28. Kd2 fxg4 29. fxg4 Ke6 30. Ke3 g5 31. hxg5
hxg5 32. Kd3 Kd6 33. a4 a5 34. Rg1 Kd5 35. Rg2 Rf3+ 36. Ke2 Rf4 37. Ke3 Kc5
38. Kd3 Rd4+ 39. Kc3 Rf4 40. Rg3 Kd5 41. Kd3 1/2-1/2

[Event "MTO"]
[Site "Biel SUI"]
[Date "2010.07.28"]
[Round "9"]
[White "Mikhalevski,V"]
[Black "Domont,A"]
[Result "1/2-1/2"]
[WhiteElo "2610"]
[BlackElo "2328"]
[EventDate "2010.07.19"]

1. d4 d5 2. c4 c6 3. Nf3 Nf6 4. e3 g6 5. Nc3 Bg7 6. Qb3 O-O 7. Bd2 Qb6 8.
cxd5 Nxd5 9. Bc4 Qxb3 10. Bxb3 Nc7 11. Ne4 Nba6 12. O-O Be6 13. Rfc1 Bxb3
14. axb3 f5 15. Nc5 Nxc5 16. Rxc5 Na6 17. Rc2 Rfd8 18. Ra5 Nc7 19. Kf1 Rd5
20. Ke2 Nb5 21. Ra4 Bf6 22. h3 h5 23. h4 Rad8 24. Be1 R8d7 25. Rac4 Kf7 26.
Kf1 Ke8 27. Ra4 Kf7 28. Ra1 Ke8 29. Rac1 Kf7 30. Bc3 Ke8 31. b4 Kd8 32. Ke2
Kc7 33. Ra1 Rd8 34. g3 Re8 35. Rcc1 a6 36. Ra2 Red8 37. Raa1 Nd6 38. Ne1
Ne4 39. Nd3 e5 40. dxe5 Nxc3+ 41. bxc3 Bxe5 42. Nxe5 Rxe5 43. Rd1 Rxd1 44.
Kxd1 c5 45. Kc2 cxb4 46. cxb4 Rd5 47. Kc3 Re5 48. Kc4 Kc6 49. Rd1 a5 50.
bxa5 Rxa5 51. Rd8 Re5 52. Rc8+ Kd6 53. Rg8 Re4+ 54. Kd3 Re6 55. Kd4 Re4+
56. Kd3 Re6 57. f3 Ke5 58. e4 fxe4+ 59. fxe4 Ra6 60. Re8+ Re6 61. Rc8 Rc6
62. Rb8 Rb6 63. Re8+ Re6 64. Rg8 Rb6 65. Re8+ 1/2-1/2

[Event "MTO"]
[Site "Biel SUI"]
[Date "2010.07.28"]
[Round "9"]
[White "Maze,S"]
[Black "Buchenau,F"]
[Result "1-0"]
[WhiteElo "2573"]
[BlackElo "2264"]
[EventDate "2010.07.19"]

1. c4 e5 2. Nc3 Nf6 3. Nf3 Nc6 4. e4 Bb4 5. d3 d6 6. h3 O-O 7. Be2 a6 8.
O-O Bc5 9. Kh1 Ne8 10. Nd5 h6 11. Be3 Nd4 12. Nxd4 exd4 13. Bd2 a5 14. Bg4
c6 15. Bxc8 Rxc8 16. Nf4 Nf6 17. a3 Ra8 18. Ne2 a4 19. Ng3 Rc8 20. Re1 Qd7
21. Qf3 Kh7 22. Nf5 Qe6 23. Qg3 Rg8 24. Qh4 Nd7 25. g4 Rb8 26. f4 b5 27.
Ne7 bxc4 28. f5 Qf6 29. g5 1-0

[Event "MTO"]
[Site "Biel SUI"]
[Date "2010.07.28"]
[Round "9"]
[White "Ulibin,M"]
[Black "Wyss,J"]
[Result "1-0"]
[WhiteElo "2540"]
[BlackElo "2258"]
[EventDate "2010.07.19"]

1. e4 c5 2. Nf3 Nc6 3. Bb5 Nf6 4. Nc3 g6 5. h3 Bg7 6. e5 Ng8 7. Bxc6 dxc6
8. d3 Nh6 9. g4 O-O 10. Be3 f5 11. g5 Nf7 12. Bf4 Qa5 13. Qd2 Rd8 14. h4 b5
15. h5 Be6 16. hxg6 hxg6 17. Nh4 b4 18. Ne2 Bd5 19. Rh3 Nxe5 20. Bxe5 Bxe5
21. Nxg6 Bxb2 22. Nxe7+ Kf8 23. Nxf5 Bxa1 24. g6 Qxa2 25. Qg5 Rd7 26. d4
Qb1+ 27. Nc1 Bxd4 28. Nxd4 Re7+ 29. Kd2 Rd8 30. Rh8+ Bg8 31. Qf6+ Ke8 32.
Rxg8+ Kd7 33. Qxc6+ 1-0

[Event "MTO"]
[Site "Biel SUI"]
[Date "2010.07.28"]
[Round "9"]
[White "Muheim,Sebastian"]
[Black "Nezad,H"]
[Result "0-1"]
[WhiteElo "2160"]
[BlackElo "2398"]
[EventDate "2010.07.19"]

1. e4 e5 2. Nf3 Nc6 3. Bc4 Nf6 4. d4 exd4 5. e5 d5 6. Bb5 Ne4 7. Nxd4 Bd7
8. Bxc6 bxc6 9. O-O Bc5 10. f3 Ng5 11. f4 Ne4 12. Be3 Bb6 13. Nd2 c5 14.
N4f3 Nxd2 15. Qxd2 d4 16. Bf2 Bc6 17. f5 Bxf3 18. gxf3 Qd5 19. Bh4 Kd7 20.
Rae1 Rae8 21. Qf4 Kc8 22. Qe4 c6 23. c4 Qxe4 24. Rxe4 g6 25. f6 Kd7 26. Kf2
Ke6 27. Ke2 Rb8 28. Kd3 Bc7 29. Rb1 Rb4 30. b3 Rhb8 31. Kc2 a5 32. Be1 R4b7
33. Bg3 a4 34. h3 Ra8 35. Ree1 axb3+ 36. axb3 Ra2+ 37. Rb2 d3+ 38. Kb1 Ra3
39. Rd1 Raxb3 40. Rxb3 Rxb3+ 41. Ka2 Rc3 42. Kb2 Rxc4 43. Kb3 Rb4+ 44. Ka3
Bxe5 45. Re1 d2 46. Rxe5+ Kxf6 47. Rxc5 Rb6 0-1